One Piece Top 100 Most Popular Characters - Statistics

General Stats
  • This quiz has been taken 585 times
  • The average score is 54 of 100
Answer Stats
Rank First Arc Appearance* Answer % Correct
1. Romance Dawn Monkey D. Luffy
99%
3.* Romance Dawn/Orange Town Nami
98%
2. Romance Dawn Roronoa Zoro
98%
4. Baratie Vinsmoke Sanji
98%
16. Drum Island Tony Tony Chopper
94%
6. Whisky Peak Nico Robin
91%
7. Amazon Lily Boa Hancock
89%
21.* Reverse Mountain/Whisky Peak Nefertari Vivi
89%
5. Sabaody Archipelago Trafalgar Law
89%
86.* Fish-Man Island/Whole Cake Island Charlotte Linlin
88%
28. Water 7 Franky
88%
15. Syrup Village Usopp
88%
65. Dressrosa Kaido
87%
9.* Drum Island/Alabasta Portgas D. Ace
87%
12. Romance Dawn Shanks
87%
26. Thriller Bark Brook
86%
20. Jaya Donquixote Doflamingo
86%
17.* Little Garden/Alabasta Crocodile
84%
18. Impel Down Jinbe
84%
44.* Little Garden/Post-Enies Lobby Monkey D. Garp
82%
10. Post-War Sabo
82%
46. Jaya Marshall D. Teach
81%
31. Jaya Edward Newgate
80%
23. Sabaody Archipelago Eustass Kid
80%
59. Sabaody Archipelago Borsalino
79%
34. Orange Town Buggy
79%
14. Whole Cake Island Charlotte Katakuri
79%
53.* Enies Lobby/Marineford Sakazuki
78%
35. Skypiea Enel
76%
29.* Romance Dawn/Loguetown Gol D. Roger
76%
36. Long Ring Long Land Kuzan
76%
98. Jaya Bartholomew Kuma
74%
30. Baratie Dracule Mihawk
74%
62. Loguetown Monkey D. Dragon
73%
33.* Orange Town/Sabaody Archipelago Silvers Rayleigh
73%
27. Loguetown Smoker
73%
74. Thriller Bark Gecko Moria
72%
8. Zou Carrot
69%
43. Water 7 Rob Lucci
69%
42. Romance Dawn Koby
64%
24. Wano Country Kozuki Oden
64%
93. Baratie Zeff
63%
19.* Jaya/Marineford Marco
62%
11. Wano Country Yamato
62%
22. Alabasta Bentham
58%
92. Punk Hazard Kin'emon
58%
25. Thriller Bark Perona
58%
52. Dressrosa Issho
55%
85. Sabaody Archipelago Jewelry Bonney
55%
77. Water 7 Kaku
54%
68. Dressrosa Rebecca
54%
50. Fish-Man Island Shirahoshi
54%
38. Loguetown Tashigi
52%
55. Sabaody Archipelago Killer
51%
45. Whole Cake Island Charlotte Pudding
49%
82. Sabaody Archipelago Basil Hawkins
47%
40. Dressrosa Bartolomeo
46%
41. Sabaody Archipelago X Drake
46%
79. Impel Down Emporio Ivankov
44%
61. Zou Pedro
42%
32.** Syrup Village Going Merry
41%
57. Romance Dawn Benn Beckman
40%
91. Punk Hazard Caesar Clown
39%
99. Whole Cake Island Charlotte Cracker
38%
90. Whole Cake Island Charlotte Mont-d'or
38%
84. Baratie Gin
36%
51. Alabasta Pell
36%
64. Sabaody Archipelago Bepo
34%
73. Dressrosa Cavendish
33%
13. Dressrosa Donquixote Rosinante
33%
54. Wano Country Kurozumi Tama
33%
70. Sabaody Archipelago Urouge
33%
95. Whole Cake Island Charlotte Perospero
32%
63.** Post-Enies Lobby Thousand Sunny
32%
81. Arlong Park Bellemere
31%
75. Whisky Peak Karoo
29%
76. Punk Hazard Monet
29%
72. Dressrosa Señor Pink
29%
39. Whole Cake Island Vinsmoke Reiju
29%
58.* Fish-Man Island/Dressrosa Koala
27%
47. Wano Country Kikunojo
26%
67. Drum Island Hiriluk
25%
48. Marineford Izou
25%
69. Water 7 Paulie
25%
88. Skypiea Wyper
25%
83. Wano Country Denjiro
24%
49. Wano Country Kozuki Hiyori
24%
100. Orange Town Chouchou
23%
94. Marineford Vista
23%
56. Wano Country Ulti
22%
96. Wano Country Kawamatsu
19%
97.*** There's a hint located on this page Pandaman
18%
80. Whole Cake Island Morgans
17%
87. Amazon Lily Marguerite
16%
60. Syrup Village Gaimon
13%
37. Romance Dawn Woop Slap
9%
89.** Alabasta Kung Fu Dugongs
8%
78. Dressrosa Orlumbus
7%
71. Marineford Namur
4%
66. Jaya Rockstar
4%
No matching quizzes found
Score Distribution
Percent of People with Each Score
Percentile by Number Answered
Your Score History
You have not taken this quiz